<?xml version="1.0" encoding="UTF-8"?>
<record
    xmlns:xsi="http://www.w3.org/2001/XMLSchema-instance"
    xsi:schemaLocation="http://www.loc.gov/MARC21/slim http://www.loc.gov/standards/marcxml/schema/MARC21slim.xsd"
    xmlns="http://www.loc.gov/MARC21/slim">

  <leader>00350nam a22001457a 4500</leader>
  <controlfield tag="003">OSt</controlfield>
  <controlfield tag="005">20231207070504.0</controlfield>
  <controlfield tag="008">231207b        |||||||| |||| 00| 0 eng d</controlfield>
  <datafield tag="040" ind1=" " ind2=" ">
    <subfield code="c">IIMT UNIVERSITY</subfield>
  </datafield>
  <datafield tag="100" ind1=" " ind2=" ">
    <subfield code="a">KUMAR, ASHOK</subfield>
  </datafield>
  <datafield tag="245" ind1=" " ind2=" ">
    <subfield code="a">CYBER ENCOUNTERS</subfield>
  </datafield>
  <datafield tag="260" ind1=" " ind2=" ">
    <subfield code="a">GURUGRAM</subfield>
    <subfield code="b">PENGUIN RANDOM HOUSE INDIA</subfield>
    <subfield code="c">2023</subfield>
  </datafield>
  <datafield tag="300" ind1=" " ind2=" ">
    <subfield code="a">196</subfield>
  </datafield>
  <datafield tag="942" ind1=" " ind2=" ">
    <subfield code="2">ddc</subfield>
    <subfield code="c">09</subfield>
  </datafield>
  <datafield tag="999" ind1=" " ind2=" ">
    <subfield code="c">57827</subfield>
    <subfield code="d">57827</subfield>
  </datafield>
  <datafield tag="952" ind1=" " ind2=" ">
    <subfield code="0">0</subfield>
    <subfield code="1">0</subfield>
    <subfield code="2">ddc</subfield>
    <subfield code="4">0</subfield>
    <subfield code="7">0</subfield>
    <subfield code="a">01</subfield>
    <subfield code="b">01</subfield>
    <subfield code="d">2023-12-07</subfield>
    <subfield code="e">CHAIRMAN SIR</subfield>
    <subfield code="g">299.00</subfield>
    <subfield code="i">NA</subfield>
    <subfield code="l">3</subfield>
    <subfield code="p">28-S-3658</subfield>
    <subfield code="r">2024-09-09</subfield>
    <subfield code="s">2024-09-02</subfield>
    <subfield code="v">299.00</subfield>
    <subfield code="w">2023-12-07</subfield>
    <subfield code="y">09</subfield>
  </datafield>
  <datafield tag="952" ind1=" " ind2=" ">
    <subfield code="0">0</subfield>
    <subfield code="1">0</subfield>
    <subfield code="2">ddc</subfield>
    <subfield code="4">0</subfield>
    <subfield code="7">0</subfield>
    <subfield code="a">01</subfield>
    <subfield code="b">01</subfield>
    <subfield code="d">2023-12-07</subfield>
    <subfield code="e">CHAIRMAN SIR</subfield>
    <subfield code="g">299.00</subfield>
    <subfield code="i">NA</subfield>
    <subfield code="p">28-S-3659</subfield>
    <subfield code="r">2023-12-07</subfield>
    <subfield code="v">299.00</subfield>
    <subfield code="w">2023-12-07</subfield>
    <subfield code="y">09</subfield>
  </datafield>
  <datafield tag="952" ind1=" " ind2=" ">
    <subfield code="0">0</subfield>
    <subfield code="1">0</subfield>
    <subfield code="2">ddc</subfield>
    <subfield code="4">0</subfield>
    <subfield code="7">0</subfield>
    <subfield code="a">01</subfield>
    <subfield code="b">01</subfield>
    <subfield code="d">2023-12-07</subfield>
    <subfield code="e">CHAIRMAN SIR</subfield>
    <subfield code="g">299.00</subfield>
    <subfield code="i">NA</subfield>
    <subfield code="p">28-S-3660</subfield>
    <subfield code="r">2023-12-07</subfield>
    <subfield code="v">299.00</subfield>
    <subfield code="w">2023-12-07</subfield>
    <subfield code="y">09</subfield>
  </datafield>
  <datafield tag="952" ind1=" " ind2=" ">
    <subfield code="0">0</subfield>
    <subfield code="1">0</subfield>
    <subfield code="2">ddc</subfield>
    <subfield code="4">0</subfield>
    <subfield code="7">0</subfield>
    <subfield code="a">01</subfield>
    <subfield code="b">01</subfield>
    <subfield code="d">2023-12-07</subfield>
    <subfield code="e">CHAIRMAN SIR</subfield>
    <subfield code="g">299.00</subfield>
    <subfield code="i">NA</subfield>
    <subfield code="p">28-S-3661</subfield>
    <subfield code="r">2023-12-07</subfield>
    <subfield code="v">299.00</subfield>
    <subfield code="w">2023-12-07</subfield>
    <subfield code="y">09</subfield>
  </datafield>
  <datafield tag="952" ind1=" " ind2=" ">
    <subfield code="0">0</subfield>
    <subfield code="1">0</subfield>
    <subfield code="2">ddc</subfield>
    <subfield code="4">0</subfield>
    <subfield code="7">0</subfield>
    <subfield code="a">01</subfield>
    <subfield code="b">01</subfield>
    <subfield code="d">2023-12-07</subfield>
    <subfield code="e">CHAIRMAN SIR</subfield>
    <subfield code="g">299.00</subfield>
    <subfield code="i">NA</subfield>
    <subfield code="l">1</subfield>
    <subfield code="p">28-S-3662</subfield>
    <subfield code="r">2024-03-11</subfield>
    <subfield code="s">2024-03-04</subfield>
    <subfield code="v">299.00</subfield>
    <subfield code="w">2023-12-07</subfield>
    <subfield code="y">09</subfield>
  </datafield>
  <datafield tag="952" ind1=" " ind2=" ">
    <subfield code="0">0</subfield>
    <subfield code="1">0</subfield>
    <subfield code="2">ddc</subfield>
    <subfield code="4">0</subfield>
    <subfield code="7">0</subfield>
    <subfield code="a">01</subfield>
    <subfield code="b">01</subfield>
    <subfield code="d">2023-12-07</subfield>
    <subfield code="e">CHAIRMAN SIR</subfield>
    <subfield code="g">299.00</subfield>
    <subfield code="i">NA</subfield>
    <subfield code="l">4</subfield>
    <subfield code="p">28-S-3663</subfield>
    <subfield code="r">2025-02-11</subfield>
    <subfield code="s">2025-02-05</subfield>
    <subfield code="v">299.00</subfield>
    <subfield code="w">2023-12-07</subfield>
    <subfield code="y">09</subfield>
  </datafield>
  <datafield tag="952" ind1=" " ind2=" ">
    <subfield code="0">0</subfield>
    <subfield code="1">0</subfield>
    <subfield code="2">ddc</subfield>
    <subfield code="4">0</subfield>
    <subfield code="7">0</subfield>
    <subfield code="a">01</subfield>
    <subfield code="b">01</subfield>
    <subfield code="d">2023-12-07</subfield>
    <subfield code="e">CHAIRMAN SIR</subfield>
    <subfield code="g">299.00</subfield>
    <subfield code="i">NA</subfield>
    <subfield code="p">28-S-3664</subfield>
    <subfield code="r">2023-12-07</subfield>
    <subfield code="v">299.00</subfield>
    <subfield code="w">2023-12-07</subfield>
    <subfield code="y">09</subfield>
  </datafield>
  <datafield tag="952" ind1=" " ind2=" ">
    <subfield code="0">0</subfield>
    <subfield code="1">0</subfield>
    <subfield code="2">ddc</subfield>
    <subfield code="4">0</subfield>
    <subfield code="7">0</subfield>
    <subfield code="a">01</subfield>
    <subfield code="b">01</subfield>
    <subfield code="d">2023-12-07</subfield>
    <subfield code="e">CHAIRMAN SIR</subfield>
    <subfield code="g">299.00</subfield>
    <subfield code="i">NA</subfield>
    <subfield code="l">4</subfield>
    <subfield code="p">28-S-3665</subfield>
    <subfield code="r">2025-04-01</subfield>
    <subfield code="s">2025-03-24</subfield>
    <subfield code="v">299.00</subfield>
    <subfield code="w">2023-12-07</subfield>
    <subfield code="y">09</subfield>
  </datafield>
  <datafield tag="952" ind1=" " ind2=" ">
    <subfield code="0">0</subfield>
    <subfield code="1">0</subfield>
    <subfield code="2">ddc</subfield>
    <subfield code="4">0</subfield>
    <subfield code="7">0</subfield>
    <subfield code="a">01</subfield>
    <subfield code="b">01</subfield>
    <subfield code="d">2023-12-07</subfield>
    <subfield code="e">CHAIRMAN SIR</subfield>
    <subfield code="g">299.00</subfield>
    <subfield code="i">NA</subfield>
    <subfield code="l">1</subfield>
    <subfield code="p">28-S-3666</subfield>
    <subfield code="r">2024-09-20</subfield>
    <subfield code="s">2024-09-04</subfield>
    <subfield code="v">299.00</subfield>
    <subfield code="w">2023-12-07</subfield>
    <subfield code="y">09</subfield>
  </datafield>
  <datafield tag="952" ind1=" " ind2=" ">
    <subfield code="0">0</subfield>
    <subfield code="1">0</subfield>
    <subfield code="2">ddc</subfield>
    <subfield code="4">0</subfield>
    <subfield code="7">0</subfield>
    <subfield code="a">01</subfield>
    <subfield code="b">01</subfield>
    <subfield code="d">2023-12-07</subfield>
    <subfield code="e">CHAIRMAN SIR</subfield>
    <subfield code="g">299.00</subfield>
    <subfield code="i">NA</subfield>
    <subfield code="p">28-S-3667</subfield>
    <subfield code="r">2023-12-07</subfield>
    <subfield code="v">299.00</subfield>
    <subfield code="w">2023-12-07</subfield>
    <subfield code="y">09</subfield>
  </datafield>
  <datafield tag="952" ind1=" " ind2=" ">
    <subfield code="0">0</subfield>
    <subfield code="1">0</subfield>
    <subfield code="2">ddc</subfield>
    <subfield code="4">0</subfield>
    <subfield code="7">0</subfield>
    <subfield code="a">01</subfield>
    <subfield code="b">01</subfield>
    <subfield code="d">2023-12-07</subfield>
    <subfield code="e">CHAIRMAN SIR</subfield>
    <subfield code="g">299.00</subfield>
    <subfield code="i">NA</subfield>
    <subfield code="l">1</subfield>
    <subfield code="p">28-S-3668</subfield>
    <subfield code="r">2024-08-30</subfield>
    <subfield code="s">2024-08-29</subfield>
    <subfield code="v">299.00</subfield>
    <subfield code="w">2023-12-07</subfield>
    <subfield code="y">09</subfield>
  </datafield>
  <datafield tag="952" ind1=" " ind2=" ">
    <subfield code="0">0</subfield>
    <subfield code="1">0</subfield>
    <subfield code="2">ddc</subfield>
    <subfield code="4">0</subfield>
    <subfield code="7">0</subfield>
    <subfield code="a">01</subfield>
    <subfield code="b">01</subfield>
    <subfield code="d">2023-12-07</subfield>
    <subfield code="e">CHAIRMAN SIR</subfield>
    <subfield code="g">299.00</subfield>
    <subfield code="i">NA</subfield>
    <subfield code="p">28-S-3669</subfield>
    <subfield code="r">2023-12-07</subfield>
    <subfield code="v">299.00</subfield>
    <subfield code="w">2023-12-07</subfield>
    <subfield code="y">09</subfield>
  </datafield>
</record>
